[Event "Muensterland Verbandsklasse-B 1011"]
[Site "Germany"]
[Date "2011.04.09"]
[Round "9.6"]
[White "Dolle, Stephan"]
[Black "Spangenberg, Victor"]
[Result "1-0"]
[WhiteElo "1678"]
[BlackElo "1706"]
[PlyCount "89"]
[EventDate "2010.09.18"]
[EventType "team-tourn"]
[EventRounds "9"]
[EventCountry "GER"]
[SourceTitle "EXT 2012"]
[Source "ChessBase"]
[SourceDate "2011.11.24"]
[SourceVersion "1"]
[SourceVersionDate "2011.11.24"]
[SourceQuality "1"]
[WhiteTeam "Heiden II"]
[BlackTeam "Nordwalde"]
[WhiteTeamCountry "GER"]
[BlackTeamCountry "GER"]

1. d4 d5 2. c4 c6 3. Nc3 Nf6 4. Nf3 e6 5. Bg5 h6 6. Bh4 g5 7. Bg3 dxc4 8. e3 b5 9. a4 Bd7 10. Ne5 Nd5 11. Be2 Bb4 12. Qc2 h5 13. h3 a5 14. 0-0 Na6 15. Nxd5 exd5 16. Qd1 h4 17. Bh5 Be6 18. Nxc6 Qc8 19. Nxb4 Nxb4 20. Be5 Rh7 21. f4 Nd3 22. fxg5 Nxb2 23. Qf3 Rxh5 24. Qxh5 Nxa4 25. g6 fxg6 26. Qxg6+ Kd7 27. Rf6 Qe8 28. Qh7+ Qe7 29. Qxh4 Rf8 30. Qf4 Rxf6 31. Bxf6 Qb4 32. Qb8 c3 33. Qb7+ Ke8 34. Qb8+ Kd7 35. Qd8+ Kc6 36. Be7 Qb2 37. Qd6+ Kb7 38. Rf1 c2 39. Qxe6 c1Q 40. Rxc1 Qxc1+ 41. Kh2 Nb6 42. Bc5 Na4 43. Qd7+ Kb8 44. Qxb5+ Kc8 45. Qc6+ 1-0

[Event "Muensterland Cup-C 0910 sf"]
[Site "Telgte"]
[Date "2010.??.??"]
[Round "?"]
[White "Winzenhoerlein, Thomas"]
[Black "Spangenberg, Victor"]
[Result "1/2-1/2"]
[WhiteElo "1569"]
[BlackElo "1470"]
[PlyCount "28"]
[EventDate "2009.??.??"]
[EventType "k.o."]
[EventRounds "1"]
[EventCountry "GER"]
[SourceTitle "EXT 2011"]
[Source "ChessBase"]
[SourceDate "2010.11.26"]
[SourceVersion "1"]
[SourceVersionDate "2010.11.26"]
[SourceQuality "1"]

1. Nf3 Nf6 2. d3 d5 3. Nbd2 c6 4. g3 Qc7 5. Bg2 e5 6. e4 Bd6 7. 0-0 Bg4 8. c3 dxe4 9. dxe4 0-0 10. Qc2 Nbd7 11. Nc4 Bc5 12. b4 Bb6 13. Bg5 Rfe8 14. Rfd1 h6 1/2-1/2

[Event "NRW-ch U14"]
[Site "Kranenburg"]
[Date "2009.04.18"]
[Round "7"]
[White "Ertel, Jonathan"]
[Black "Spangenberg, Victor"]
[Result "0-1"]
[WhiteElo "1208"]
[BlackElo "1218"]
[PlyCount "128"]
[EventDate "2009.04.13"]
[EventType "swiss"]
[EventRounds "7"]
[EventCountry "GER"]
[SourceTitle "EXT 2010"]
[Source "ChessBase"]
[SourceDate "2010.11.25"]
[SourceVersion "1"]
[SourceVersionDate "2010.11.25"]
[SourceQuality "1"]

1. e4 c5 2. Nc3 d6 3. g3 Nf6 4. Bg2 Nc6 5. d3 g6 6. Nge2 a6 7. 0-0 Rb8 8. h3 b5 9. Be3 Bg7 10. Qd2 0-0 11. Rab1 b4 12. Nd5 e6 13. Nxf6+ Bxf6 14. f4 Bg7 15. e5 Ne7 16. Kh2 Qc7 17. Ng1 dxe5 18. fxe5 Bxe5 19. Bh6 Bg7 20. Nf3 Bxh6 21. Qxh6 Nf5 22. Qg5 f6 23. Qf4 Qxf4 24. gxf4 Bb7 25. Rfe1 Bxf3 26. Bxf3 Nd4 27. Kg2 Nxf3 28. Kxf3 Rfe8 29. Re2 Re7 30. Rbe1 Rbe8 31. c3 a5 32. d4 cxd4 33. cxd4 Kf7 34. b3 h6 35. Kg4 Rd8 36. Rd2 Red7 37. Rde2 Re7 38. Rd2 Rd5 39. Ree2 Red7 40. Kf3 Rxd4 41. Ke3 Rxd2 42. Rxd2 Rxd2 43. Kxd2 Ke7 44. Ke3 Kd6 45. Ke4 Kc5 46. h4 h5 47. Ke3 Kd5 48. Kd3 e5 49. fxe5 fxe5 50. Ke3 e4 51. Kf4 Kd4 52. Kg5 e3 53. Kxg6 e2 54. Kxh5 e1Q 55. Kg5 Kc3 56. h5 Kb2 57. h6 Kxa2 58. Kg6 Kxb3 59. Kg7 Qh4 60. h7 a4 61. Kg8 a3 62. Kh8 a2 63. Kg8 Qg4+ 64. Kh8 a1B# 0-1

[Event "NRW-ch U14"]
[Site "Kranenburg"]
[Date "2009.04.14"]
[Round "2"]
[White "Eigemann, Frederik"]
[Black "Spangenberg, Victor"]
[Result "1-0"]
[WhiteElo "1673"]
[BlackElo "1218"]
[PlyCount "105"]
[EventDate "2009.04.13"]
[EventType "swiss"]
[EventRounds "7"]
[EventCountry "GER"]
[SourceTitle "EXT 2010"]
[Source "ChessBase"]
[SourceDate "2010.11.25"]
[SourceVersion "1"]
[SourceVersionDate "2010.11.25"]
[SourceQuality "1"]

1. e4 c5 2. Nf3 d6 3. d3 g6 4. g3 Nc6 5. Bg2 Bg7 6. 0-0 Nf6 7. Nbd2 Bd7 8. Nh4 0-0 9. f4 Bg4 10. Nhf3 Qd7 11. c3 Ne8 12. Re1 Nc7 13. Qe2 Rfe8 14. Qf1 Bxf3 15. Nxf3 e6 16. Bh3 f5 17. Be3 Bf8 18. Bf2 Rad8 19. Rad1 b5 20. d4 cxd4 21. Nxd4 Nxd4 22. Bxd4 a6 23. Qd3 Bg7 24. Bxg7 Qxg7 25. Qd4 Qxd4+ 26. Rxd4 d5 27. exf5 exf5 28. Rdd1 Kf7 29. Bg2 Rxe1+ 30. Rxe1 Re8 31. Rxe8 Kxe8 32. Kf2 Kd7 33. Ke3 Ke6 34. Kd3 Kd6 35. b3 Kc5 36. Bh3 h5 37. Bg2 Ne6 38. Bf3 Ng7 39. b4+ Kd6 40. h3 Ne6 41. Ke3 Ng7 42. Bd1 Ke6 43. a4 Kd6 44. axb5 axb5 45. Be2 Kc6 46. Kd4 Kd6 47. Bxb5 Ne6+ 48. Ke3 Nc7 49. c4 Ne6 50. Be8 Nf8 51. c5+ Ke7 52. Bc6 Ke6 53. Kd4 1-0

[Event "NRW-ch U14"]
[Site "Kranenburg"]
[Date "2009.04.14"]
[Round "3"]
[White "Spangenberg, Victor"]
[Black "Dette, Jan"]
[Result "0-1"]
[WhiteElo "1218"]
[BlackElo "1477"]
[PlyCount "48"]
[EventDate "2009.04.13"]
[EventType "swiss"]
[EventRounds "7"]
[EventCountry "GER"]
[SourceTitle "EXT 2010"]
[Source "ChessBase"]
[SourceDate "2010.11.25"]
[SourceVersion "1"]
[SourceVersionDate "2010.11.25"]
[SourceQuality "1"]

1. e4 e5 2. Nf3 Nc6 3. Bb5 Nf6 4. 0-0 Bc5 5. d3 d6 6. Bg5 Bg4 7. Nc3 a6 8. Bxc6+ bxc6 9. h3 Bh5 10. Nb1 Qd7 11. Bxf6 gxf6 12. Nbd2 Rg8 13. Kh2 d5 14. Qe1 0-0-0 15. Rg1 f5 16. exd5 cxd5 17. Nb3 Bd6 18. Nfd2 e4+ 19. Kh1 f4 20. dxe4 f3 21. g4 Bxg4 22. hxg4 Rxg4 23. Nxf3 Rh4+ 24. Kg2 Qh3# 0-1

[Event "Steinfurt Bezirksklasse 0809"]
[Site "Germany"]
[Date "2008.09.13"]
[Round "1.6"]
[White "Koerbel, Thomas"]
[Black "Spangenberg, Victor"]
[Result "1-0"]
[WhiteElo "1177"]
[BlackElo "1366"]
[PlyCount "29"]
[EventDate "2008.09.13"]
[EventType "team-tourn"]
[EventRounds "7"]
[EventCountry "GER"]
[SourceTitle "EXT 2010"]
[Source "ChessBase"]
[SourceDate "2010.11.25"]
[SourceVersion "1"]
[SourceVersionDate "2010.11.25"]
[SourceQuality "1"]
[WhiteTeam "Saerbeck III"]
[BlackTeam "Nordwalde III"]
[WhiteTeamCountry "GER"]
[BlackTeamCountry "GER"]

1. e4 e5 2. Nf3 Nc6 3. Bb5 a6 4. Bxc6 dxc6 5. 0-0 Bd6 6. d4 f6 7. dxe5 fxe5 8. Bg5 Nf6 9. Qe2 h6 10. Bh4 Bg4 11. Nbd2 Qe7 12. Rad1 0-0-0 13. Qc4 b5 14. Qxc6 Qd7 15. Qa8# 1-0

[Event "Steinfurt Bezirksliga 0708"]
[Site "Germany"]
[Date "2008.05.10"]
[Round "9.8"]
[White "Spangenberg, Victor"]
[Black "Kattenbeck, Leo"]
[Result "1/2-1/2"]
[WhiteElo "1078"]
[BlackElo "761"]
[PlyCount "22"]
[EventDate "2007.09.22"]
[EventType "team-tourn"]
[EventRounds "9"]
[EventCountry "GER"]
[SourceTitle "EXT 2009"]
[Source "ChessBase"]
[SourceDate "2008.11.26"]
[SourceVersion "1"]
[SourceVersionDate "2008.11.26"]
[SourceQuality "1"]
[WhiteTeam "Nordwalde II"]
[BlackTeam "Emsdetten Rochade II"]
[WhiteTeamCountry "GER"]
[BlackTeamCountry "GER"]

1. e4 e5 2. Nf3 Nc6 3. Bc4 Nf6 4. Ng5 d5 5. exd5 Nxd5 6. Qf3 Be6 7. Nxe6 fxe6 8. c3 Qd7 9. d3 0-0-0 10. Bg5 Be7 11. Bxe7 Qxe7 1/2-1/2